Statistiken für Spieler, die Gabriel Clemens bei der Darts WM besiegten

Klicken Sie hier um das Quiz zu spielen!

Allgemein

  • Dieses Quiz wurde 63 mal gespielt
  • Das Durchschnittsergebnis liegt bei 4 aus 6

Antwortstatistiken

JahrRundeNationalitätSpieler% Korrekt
2023HalbfinaleEnglandMichael Smith
100%
2021AchtelfinalePolenKrzysztof Ratajski
90%
20223. RundeWalesJonny Clayton
81%
20243. RundeEnglandDave Chisnall
67%
20192. RundeSchottlandJohn Henderson
54%
20201. RundeNiederlandeBenito van de Pas
33%

Verteilung der Resultate

Perzentil nach korrekt beantworteten Fragen

Anzahl Personen mit jedem Resultat

Ihre Resultats-Entwicklung

Sie haben dieses Quiz noch nicht gespielt